Loading...
| Science - Physics | 0 | 5 | 2 | 2 | 40 | 83 | 108.80 | 0 | 5 | 7.30 | 25.00 |
| Science - Other | 1 | 3 | 1 | 2 | 40 | 45 | 84.50 | 1 | 4 | 14.94 | 27.50 |
| Science - Biology | 0 | 4 | 1 | 2 | 35 | 99 | 115.50 | 1 | 4 | 1.40 | 17.50 |
| Religion | 0 | 3 | 1 | 1 | 25 | 102 | 124.33 | 0 | 2 | 2.65 | 16.67 |
| Philosophy | 0 | 2 | 0 | 2 | 20 | 119 | 130.50 | 0 | 2 | 1.38 | 7.50 |
| Mythology | 0 | 2 | 0 | 0 | 20 | 132 | 132.00 | 1 | 1 | 1.34 | 13.89 |
| History - World | 0 | 2 | 0 | 0 | 20 | 82 | 96.00 | 1 | 2 | 3.80 | 13.64 |
| History - European | 0 | 2 | 1 | 1 | 15 | 128 | 132.00 | 0 | 1 | 0.23 | 7.50 |
| Social Science | 0 | 2 | 1 | 2 | 15 | 123 | 123.50 | 0 | 2 | 0.61 | 11.11 |
| Literature - World | 0 | 1 | 0 | 0 | 10 | 138 | 138.00 | 0 | 1 | 0.07 | 5.00 |
| Geography | 0 | 1 | 0 | 1 | 10 | 130 | 130.00 | 0 | 0 | 0.25 | 8.33 |
| History - American | 0 | 1 | 0 | 1 | 10 | 117 | 117.00 | 0 | 0 | 0.79 | 2.50 |
| Fine Arts - Auditory | 0 | 1 | 0 | 0 | 10 | 145 | 145.00 | 0 | 1 | 0.07 | 2.50 |
| Other Academic | 0 | 1 | 0 | 0 | 10 | 126 | 126.00 | 0 | 1 | 0.39 | 12.50 |
| Religion- Edited | 0 | 1 | 0 | 0 | 10 | 115 | 115.00 | 0 | 1 | 16.06 | 25.00 |
| Science - Chemistry | 0 | 1 | 1 | 1 | 5 | 105 | 105.00 | 0 | 1 | 1.18 | 5.00 |
| History - Other | 0 | 1 | 1 | 0 | 5 | 79 | 79.00 | 1 | 1 | 4.89 | 11.11 |
| Fine Arts - Other | 0 | 0 | 0 | 0 | 0 | 0.00 | 0 | 0 | 0.00 | 0.00 | |
| Fine Arts - Visual | 0 | 0 | 0 | 0 | 0 | 0.00 | 0 | 0 | 0.00 | 0.00 | |
| Literature - European | 0 | 0 | 0 | 0 | 0 | 0.00 | 0 | 0 | 0.00 | 0.00 | |
| Literature - British | 0 | 0 | 1 | 0 | -5 | 0.00 | 0 | 0 | 0.00 | 0.00 |